| 000 | 00746nam a2200217 a 4500 | ||
|---|---|---|---|
| 005 | 20230523063719.0 | ||
| 008 | 140226s2010 es r 000 0 spa d | ||
| 020 | _a9788497644501 | ||
| 035 | _aUPN01000196071 | ||
| 049 | _aCG | ||
| 050 | 4 |
_aB3313 A8.2 _bE8 2010 |
|
| 100 | 1 |
_aNietzsche, Friedrich Wilhelm, _d1844-1900 |
|
| 245 | 1 | 0 |
_aAsí habló Zaratustra / _cFriedrich Nietzsche ; tr. Fco. Javier Carretero. |
| 260 |
_aMadrid : _bEdimat, _c2010. |
||
| 300 | _a300 p. | ||
| 440 | 0 |
_aClásicos de la literatura. _pFilosofía. _pEnsayo |
|
| 534 |
_pTítulo original: _tAlso sprach Zarathustra |
||
| 650 | 4 |
_aFilosofía alemana _97273 |
|
| 600 | 1 | 0 |
_aNietzsche, Friedrich Wilhelm, _d1844-1900 _xCrítica e interpretación _97380 |
| 905 | _aLibro | ||
| 999 |
_c168172 _d168172 |
||